Boletin del FMI Vol.37, No.8 agosto de 2008.

Inflacion, Crisis hipotecaria, Asistencia tecnica reforzada, Ghana, Disciplina fiscal, Lavado de dinero, Gasto social, Estados Unidos, Japon, Lipsky, Swazilandia, Encuesta sobre la IED, Notas breves.

Detaylı Bibliyografya
Müşterek Yazar: International Monetary Fund. External Relations Dept
Materyal Türü: Dergi
Dil:English
Baskı/Yayın Bilgisi: Washington, D.C. : International Monetary Fund, 2008.
Seri Bilgileri:IMF Survey; IMF Survey ; No. 0037/008
Online Erişim:Full text available on IMF
LEADER 01292cas a2200253 a 4500
001 AALejournalIMF005229
008 230101c9999 xx r poo 0 0eng d
020 |c 5.00 USD 
020 |z 9781451943757 
022 |a 0047-083X 
040 |a BD-DhAAL  |c BD-DhAAL 
110 2 |a International Monetary Fund.  |b External Relations Dept. 
240 1 0 |a Boletin del FMI Vol.37, No.8 agosto de 2008.  |l Spanish 
245 1 0 |a Boletin del FMI Vol.37, No.8 agosto de 2008. 
264 1 |a Washington, D.C. :  |b International Monetary Fund,  |c 2008. 
300 |a 1 online resource (16 pages) 
490 1 |a IMF Survey 
500 |a <strong>Off-Campus Access:</strong> No User ID or Password Required 
500 |a <strong>On-Campus Access:</strong> No User ID or Password Required 
506 |a Electronic access restricted to authorized BRAC University faculty, staff and students 
520 3 |a Inflacion, Crisis hipotecaria, Asistencia tecnica reforzada, Ghana, Disciplina fiscal, Lavado de dinero, Gasto social, Estados Unidos, Japon, Lipsky, Swazilandia, Encuesta sobre la IED, Notas breves. 
538 |a Mode of access: Internet 
830 0 |a IMF Survey; IMF Survey ;  |v No. 0037/008 
856 4 0 |z Full text available on IMF  |u http://elibrary.imf.org/view/journals/023/0037/008/023.0037.issue-008-es.xml  |z IMF e-Library